000 00311nam a2200133Ia 4500
003 OSt
005 20231207100135.0
008 170524s9999 xx 000 0 und d
020 _a9788126526291
040 _cIIMT UNIVERSITY, MEERUT
100 _aWATSON K
245 0 _aBEGINING VISUAL C # 2010
942 _2ddc
_c02
999 _c8928
_d8928